[Event "Stuttgart-chB int"]
[Site "Ditzingen"]
[Date "2008.05.01"]
[Round "3"]
[White "Von Borstel, Andreas"]
[Black "Funk, Patrick"]
[Result "1/2-1/2"]
[WhiteElo "1496"]
[BlackElo "1723"]
[PlyCount "95"]
[EventDate "2008.05.01"]
[EventType "swiss"]
[EventRounds "7"]
[EventCountry "GER"]
[SourceTitle "EXT 2018"]
[Source "ChessBase"]
[SourceDate "2017.10.13"]
[SourceVersion "1"]
[SourceVersionDate "2017.10.13"]
[SourceQuality "1"]

1. Nf3 Nf6 2. b3 d6 3. Bb2 e5 4. d3 Be7 5. Nc3 c6 6. e3 0-0 7. Be2 Re8 8. 0-0 Bf8 9. Re1 d5 10. h3 b5 11. Bf1 b4 12. Ne2 e4 13. dxe4 Nxe4 14. Nd2 Bd6 15. Nxe4 Rxe4 16. Nd4 Qf6 17. Bd3 Re8 18. Nf5 Be5 19. Bxe5 Rxe5 20. Nd4 c5 21. Nf3 Re8 22. Bb5 Rd8 23. a3 a6 24. axb4 cxb4 25. Nd4 Bb7 26. Bd3 Nc6 27. Qd2 a5 28. Bb5 g6 29. Nxc6 Bxc6 30. Bxc6 Qxc6 31. Qd3 Rdc8 32. Rec1 Kf8 33. Kf1 Ke7 34. Qd4 h5 35. Ke2 Ke6 36. f4 Qc3 37. Qxc3 Rxc3 38. g4 hxg4 39. hxg4 f6 40. Ra2 Rac8 41. Kd2 g5 42. Rxa5 gxf4 43. exf4 Rh8 44. Re1+ Kf7 45. f5 Rh2+ 46. Kd1 Rcxc2 47. Ra7+ Kf8 48. Ree7 1/2-1/2

[Event "Stuttgart-chB int"]
[Site "Gerlingen"]
[Date "2007.05.19"]
[Round "5"]
[White "Von Borstel, Andreas"]
[Black "Grueneschild, Hildegard"]
[Result "1/2-1/2"]
[WhiteElo "1116"]
[BlackElo "1398"]
[PlyCount "109"]
[EventDate "2007.05.17"]
[EventType "swiss"]
[EventRounds "7"]
[EventCountry "GER"]
[SourceTitle "EXT 2018"]
[Source "ChessBase"]
[SourceDate "2017.10.13"]
[SourceVersion "1"]
[SourceVersionDate "2017.10.13"]
[SourceQuality "1"]

1. e4 c5 2. Nf3 d6 3. d4 cxd4 4. Nxd4 Nf6 5. Nc3 a6 6. Bc4 e6 7. Nb3 Nc6 8. 0-0 Be7 9. Bg5 0-0 10. Re1 Ne5 11. Bd3 Bd7 12. f4 Qb6+ 13. Kh1 Neg4 14. Bh4 Nf2+ 15. Bxf2 Qxf2 16. Rf1 Qh4 17. Be2 Bc6 18. Nd2 Qh6 19. Qe1 Nh5 20. f5 exf5 21. Rxf5 Bg5 22. Nf3 Bf4 23. Qh4 g6 24. Ra5 Rae8 25. Bd3 Be3 26. Be2 Bb6 27. Rg5 Bd8 28. Qxh5 Qxh5 29. Rxh5 gxh5 30. Nd2 h4 31. Bd3 Kh8 32. Nf3 Rg8 33. Nd5 f5 34. Re1 fxe4 35. Bxe4 Rxe4 36. Rxe4 Bxd5 37. Ra4 Bxf3 38. gxf3 Bb6 39. Rg4 Re8 40. Re4 Rf8 41. Rb4 Bc5 42. Rxh4 Rxf3 43. b4 Be3 44. Re4 Bh6 45. Re6 Bf4 46. Rf6 Rf2 47. Kg1 Rxh2 48. Rxf4 Rxc2 49. a4 Rc7 50. Rd4 Rd7 51. Kg2 Kg7 52. Kg3 Kf6 53. Kf4 Ke6 54. b5 axb5 55. axb5 1/2-1/2